[Event "Barcelona Amateurs 02"]
[Site "Barcelona"]
[Date "2021.02.07"]
[Round "1"]
[White "Casado Hamed, Sergi"]
[Black "Abdelkadeer Garstka, Adam"]
[Result "0-1"]
[WhiteElo "1341"]
[BlackElo "1614"]
[PlyCount "89"]
[EventDate "2021.02.07"]
[EventType "tourn"]
[EventRounds "9"]
[EventCountry "ESP"]
[SourceTitle "EXT 2022"]
[Source "ChessBase"]
[SourceDate "2021.10.06"]
[SourceVersion "1"]
[SourceVersionDate "2021.10.06"]
[SourceQuality "1"]

1. d4 Nf6 2. c4 e6 3. Nc3 Bb4 4. Qc2 d5 5. a3 Be7 6. Bg5 c6 7. e3 Nbd7 8. Nf3 h6 9. Bf4 0-0 10. h3 Re8 11. b4 Nf8 12. Ne5 Bd6 13. c5 Bc7 14. Bd3 N6d7 15. Nxd7 Bxd7 16. Bxc7 Qxc7 17. f4 f6 18. 0-0 e5 19. fxe5 fxe5 20. Bg6 Re7 21. Rf2 e4 22. Bh5 Qg3 23. Qe2 Bxh3 24. Raf1 Ng6 25. Qe1 Qg5 26. Bxg6 Qxg6 27. Ne2 Bg4 28. Rf4 Ree8 29. Rf7 Bf3 30. R7xf3 exf3 31. Rxf3 Rf8 32. Nf4 Qe4 33. Qh4 Rae8 34. Rg3 Kh7 35. Qh3 Qf5 36. Rg4 Rxe3 37. Qxe3 Qxg4 38. g3 Rxf4 39. Qxf4 Qxf4 40. gxf4 Kg6 41. a4 Kf5 42. Kf2 Kxf4 43. Ke2 Ke4 44. Kf2 Kxd4 45. Kf3 0-1

[Event "Barcelona Sants op 21st"]
[Site "Barcelona"]
[Date "2019.09.01"]
[Round "10"]
[White "Abdelkadeer Garstka, Adam"]
[Black "Sans Bascu, Joaquin"]
[Result "1/2-1/2"]
[WhiteElo "1628"]
[BlackElo "1542"]
[PlyCount "56"]
[EventDate "2019.08.23"]
[EventType "swiss"]
[EventRounds "10"]
[EventCountry "ESP"]
[SourceTitle "EXT 2020"]
[Source "ChessBase"]
[SourceDate "2019.10.17"]
[SourceVersion "1"]
[SourceVersionDate "2019.10.17"]
[SourceQuality "1"]

1. e4 e5 2. Nf3 Nc6 3. Bc4 Nf6 4. Nc3 d6 5. h3 Be7 6. 0-0 Na5 7. Be2 0-0 8. b4 Nc6 9. a3 a6 10. Bb2 b5 11. d4 Bb7 12. Re1 exd4 13. Nxd4 Nxd4 14. Qxd4 c5 15. bxc5 dxc5 16. Qxd8 Raxd8 17. Bf3 Rd2 18. Rac1 Rfd8 19. Nd5 Nxd5 20. exd5 Bf6 21. Bxf6 gxf6 22. Red1 Rxd1+ 23. Rxd1 Kf8 24. Be4 h6 25. Kf1 a5 26. Ke2 Rd6 27. Rb1 Ke7 28. Ke3 Ba6 1/2-1/2

[Event "Barcelona Sants op 21st"]
[Site "Barcelona"]
[Date "2019.08.24"]
[Round "2"]
[White "Sanchez De Medina Vilagrasa, Enric"]
[Black "Abdelkadeer Garstka, Adam"]
[Result "1-0"]
[WhiteElo "1498"]
[BlackElo "1628"]
[PlyCount "93"]
[EventDate "2019.08.23"]
[EventType "swiss"]
[EventRounds "10"]
[EventCountry "ESP"]
[SourceTitle "EXT 2020"]
[Source "ChessBase"]
[SourceDate "2019.10.17"]
[SourceVersion "1"]
[SourceVersionDate "2019.10.17"]
[SourceQuality "1"]

1. e4 c5 2. Nf3 e6 3. d4 cxd4 4. Nxd4 Nf6 5. Nc3 Nc6 6. Be3 Bb4 7. f3 0-0 8. Be2 d5 9. Nxc6 bxc6 10. e5 Nd7 11. f4 c5 12. Bd2 Qb6 13. Na4 Bxd2+ 14. Qxd2 Qc6 15. b3 Bb7 16. 0-0 Rab8 17. Rad1 Nb6 18. Nxb6 axb6 19. c3 b5 20. Qe1 f6 21. Qh4 fxe5 22. fxe5 c4 23. b4 Qc7 24. Qg3 Rxf1+ 25. Rxf1 Ra8 26. Qf4 Qe7 27. Qd2 Bc6 28. Bg4 Be8 29. Qf4 Bg6 30. Qd2 Rd8 31. Qd4 h5 32. Be2 Ra8 33. Ra1 Qa7 34. Qxa7 Rxa7 35. a3 Rf7 36. a4 Ra7 37. a5 h4 38. Rf1 Bf5 39. h3 Kf7 40. Bg4 Kg6 41. Bxf5+ exf5 42. e6 Kf6 43. Re1 Re7 44. a6 g5 45. Kf2 f4 46. Kf3 Kf5 47. a7 1-0

[Event "Barcelona Sants op 21st"]
[Site "Barcelona"]
[Date "2019.08.23"]
[Round "1"]
[White "Abdelkadeer Garstka, Adam"]
[Black "Ferre Cebrian, Guifre"]
[Result "1-0"]
[WhiteElo "1628"]
[BlackElo "1365"]
[PlyCount "69"]
[EventDate "2019.08.23"]
[EventType "swiss"]
[EventRounds "10"]
[EventCountry "ESP"]
[SourceTitle "EXT 2020"]
[Source "ChessBase"]
[SourceDate "2019.10.17"]
[SourceVersion "1"]
[SourceVersionDate "2019.10.17"]
[SourceQuality "1"]

1. e4 e5 2. Nf3 Nc6 3. Nc3 Nf6 4. Bb5 a6 5. Ba4 b5 6. Bb3 Be7 7. d3 d6 8. h3 0-0 9. 0-0 Be6 10. Be3 Qd7 11. Ng5 d5 12. Nxe6 fxe6 13. exd5 exd5 14. f4 exf4 15. Bxf4 Kh8 16. Bg5 d4 17. Bxf6 Rxf6 18. Rxf6 Bxf6 19. Ne4 Rf8 20. Qe2 Qe7 21. Rf1 h6 22. Qh5 Ne5 23. Ng3 Qe8 24. Qf5 Qg6 25. Ne4 Qe8 26. Ng3 Qg6 27. Qxe5 Re8 28. Qf4 Be7 29. Bf7 Qc6 30. Bxe8 Qxe8 31. Re1 Qd7 32. Qf7 Qd6 33. Rxe7 Qxg3 34. Re8+ Kh7 35. Qf5+ 1-0

[Event "Barcelona Sants op-C 19th"]
[Site "Barcelona"]
[Date "2017.08.25"]
[Round "8"]
[White "Forte Esparza, Miguel"]
[Black "Abdelkadeer Garstka, Adam"]
[Result "1-0"]
[WhiteElo "1602"]
[BlackElo "1612"]
[PlyCount "47"]
[EventDate "2017.08.18"]
[EventType "swiss"]
[EventRounds "10"]
[EventCountry "ESP"]
[SourceTitle "EXT 2024"]
[Source "ChessBase"]
[SourceDate "2023.10.10"]
[SourceVersion "1"]
[SourceVersionDate "2023.10.10"]
[SourceQuality "1"]

1. e4 c5 2. c3 e6 3. d4 d5 4. e5 Nc6 5. Nf3 cxd4 6. cxd4 Nge7 7. a3 Nf5 8. b4 Be7 9. Bb2 Bd7 10. Nc3 a6 11. Rc1 0-0 12. Be2 f6 13. 0-0 fxe5 14. dxe5 Bg5 15. Nxg5 Qxg5 16. Nxd5 exd5 17. Qxd5+ Rf7 18. e6 Bxe6 19. Qxe6 Ncd4 20. Rc8+ Qd8 21. Rxd8+ Rxd8 22. Bxd4 Nxd4 23. Qg4 Rf4 24. Bc4+ 1-0

[Event "Santa Margalida Mallorca-ch"]
[Site "Santa Margalida"]
[Date "2016.11.12"]
[Round "2"]
[White "Munar Mut, Antoni"]
[Black "Abdelkadeer Garstka, Adam"]
[Result "1-0"]
[WhiteElo "1874"]
[BlackElo "1645"]
[PlyCount "59"]
[EventDate "2016.11.11"]
[EventType "swiss"]
[EventRounds "8"]
[EventCountry "ESP"]
[SourceTitle "EXT 2018"]
[Source "ChessBase"]
[SourceDate "2017.10.13"]
[SourceVersion "1"]
[SourceVersionDate "2017.10.13"]
[SourceQuality "1"]

1. e4 c5 2. Nf3 e6 3. d4 cxd4 4. Nxd4 Nf6 5. Nc3 Nc6 6. Nxc6 bxc6 7. a3 d5 8. exd5 cxd5 9. Bb5+ Bd7 10. 0-0 Be7 11. Bf4 0-0 12. Bd3 Qb6 13. Rb1 Rac8 14. Be5 Ne8 15. Qh5 g6 16. Qh6 Bd6 17. Bxd6 Qxd6 18. Rfe1 Nf6 19. Qg5 Kg7 20. Rbd1 h6 21. Qh4 g5 22. Qd4 Rfe8 23. Re5 Kg8 24. Rde1 Nh7 25. Bxh7+ Kxh7 26. R5e3 a6 27. Ne4 Rc4 28. Qxc4 Qf4 29. Qd4 dxe4 30. Qxd7 1-0

[Event "Campos Migjorn op"]
[Site "Campos"]
[Date "2016.09.23"]
[Round "5"]
[White "Baldo Company, Jordi"]
[Black "Abdelkadeer Garstka, Adam"]
[Result "1-0"]
[WhiteElo "1708"]
[BlackElo "1527"]
[PlyCount "49"]
[EventDate "2016.09.09"]
[EventType "swiss"]
[EventRounds "8"]
[EventCountry "ESP"]
[SourceTitle "EXT 2017"]
[Source "ChessBase"]
[SourceDate "2016.10.25"]
[SourceVersion "1"]
[SourceVersionDate "2016.10.25"]
[SourceQuality "1"]

1. e4 c5 2. Nf3 e6 3. d4 cxd4 4. Nxd4 Nf6 5. Nc3 Nc6 6. Ndb5 Bb4 7. Nd6+ Bxd6 8. Qxd6 Qa5 9. Bd2 Qb4 10. e5 Ng4 11. f4 Qb6 12. Nb5 Kd8 13. 0-0-0 a6 14. Na3 Nf2 15. Nc4 Qc7 16. Be1 Nxh1 17. Bh4+ f6 18. exf6 Qxd6 19. fxg7+ Kc7 20. Nxd6 Rg8 21. Bd3 Kb6 22. Rxh1 Rxg7 23. Bf2+ Ka5 24. Nc4+ Kb4 25. Nb6 1-0

[Event "Balears-ch U16"]
[Site "Mallorca"]
[Date "2016.05.21"]
[Round "4.1"]
[White "Pons Vinent, Angel"]
[Black "Abdelkadeer Garstka, Adam"]
[Result "1-0"]
[WhiteElo "1511"]
[BlackElo "1567"]
[PlyCount "71"]
[EventDate "2016.05.20"]
[EventType "swiss"]
[EventRounds "5"]
[EventCountry "ESP"]
[SourceTitle "EXT 2024"]
[Source "ChessBase"]
[SourceDate "2023.10.10"]
[SourceVersion "1"]
[SourceVersionDate "2023.10.10"]
[SourceQuality "1"]

1. e4 c5 2. Nf3 e6 3. d3 d5 4. Qe2 dxe4 5. dxe4 Nc6 6. g3 e5 7. Bg2 Nf6 8. 0-0 Be7 9. c3 0-0 10. Nbd2 b6 11. Nc4 Qc7 12. Ne3 Be6 13. Ng5 Bc8 14. Nd5 Qb7 15. f4 h6 16. fxe5 Nxe5 17. Nf3 Bg4 18. Bf4 Nxf3+ 19. Bxf3 Be6 20. Nxe7+ Qxe7 21. Bd6 Qd7 22. Bxf8 Rxf8 23. Rfd1 Qc7 24. e5 Nd7 25. Rd6 Rd8 26. Rad1 Kf8 27. Bc6 Ke7 28. Qe4 a5 29. c4 Ke8 30. b3 Ke7 31. a4 Ke8 32. Qh7 Ke7 33. Qxg7 Ke8 34. Qxh6 Ke7 35. Qg5+ Ke8 36. h4 1-0

[Event "Palma Bellon Memorial U16"]
[Site "Palma"]
[Date "2016.04.30"]
[Round "3.2"]
[White "Ermachenko, Manuel"]
[Black "Abdelkadeer Garstka, Adam"]
[Result "1-0"]
[WhiteElo "1387"]
[BlackElo "1567"]
[PlyCount "107"]
[EventDate "2016.04.29"]
[EventType "swiss"]
[EventRounds "6"]
[EventCountry "ESP"]
[SourceTitle "EXT 2024"]
[Source "ChessBase"]
[SourceDate "2023.10.10"]
[SourceVersion "1"]
[SourceVersionDate "2023.10.10"]
[SourceQuality "1"]

1. e4 c5 2. Nf3 e6 3. d4 cxd4 4. Nxd4 Nf6 5. Nc3 Nc6 6. Nxc6 bxc6 7. Bg5 Be7 8. e5 Nd5 9. Bxe7 Nxe7 10. Bd3 Qc7 11. Qe2 Rb8 12. Rb1 Qa5 13. 0-0 0-0 14. a3 f6 15. b4 Qxe5 16. Qxe5 fxe5 17. Rfe1 d6 18. Rbd1 Bd7 19. Ba6 Nf5 20. Ne4 Rb6 21. Bf1 d5 22. Nc5 Bc8 23. Rxe5 Re8 24. Rde1 Kf7 25. Bd3 g6 26. g4 Nd4 27. Kg2 Nb5 28. a4 Nd6 29. c3 Kf6 30. g5+ Kf7 31. a5 Rb8 32. h4 Nb5 33. Bxb5 Rxb5 34. f4 Re7 35. h5 Rb8 36. Kg3 Re8 37. hxg6+ hxg6 38. Rh1 Kg7 39. Rh6 Re7 40. f5 gxf5 41. Nxe6+ Bxe6 42. Rhxe6 Rxe6 43. Rxe6 Rc8 44. Kf4 Kf7 45. Kxf5 Rc7 46. Rf6+ Kg7 47. Ke6 a6 48. g6 Kg8 49. Rf7 Rc8 50. Kd7 Ra8 51. Kxc6 Rc8+ 52. Rc7 Rd8 53. Kb6 Rd6+ 54. Rc6 1-0

[Event "Palma Bellon Memorial U16"]
[Site "Palma"]
[Date "2016.04.29"]
[Round "1.6"]
[White "Milla Mercado, Juan Manuel"]
[Black "Abdelkadeer Garstka, Adam"]
[Result "0-1"]
[WhiteElo "1268"]
[BlackElo "1567"]
[PlyCount "77"]
[EventDate "2016.04.29"]
[EventType "swiss"]
[EventRounds "6"]
[EventCountry "ESP"]
[SourceTitle "EXT 2024"]
[Source "ChessBase"]
[SourceDate "2023.10.10"]
[SourceVersion "1"]
[SourceVersionDate "2023.10.10"]
[SourceQuality "1"]

1. c4 e5 2. Nc3 Bc5 3. Nf3 Nf6 4. Nxe5 0-0 5. d4 Bb4 6. Bg5 h6 7. Bh4 Be7 8. e3 d6 9. Nf3 Bg4 10. Be2 Nc6 11. 0-0 Re8 12. Nd2 Bxe2 13. Qxe2 Nd7 14. Bxe7 Qxe7 15. Nd5 Qd8 16. Rfe1 Nf6 17. Nxf6+ Qxf6 18. Qf3 Qg5 19. d5 Ne5 20. Qf4 Qg6 21. Rad1 Nd3 22. Qg3 Qxg3 23. hxg3 Nxe1 24. Rxe1 c6 25. f3 cxd5 26. cxd5 Rac8 27. Ne4 Red8 28. Nc3 f5 29. e4 Re8 30. Nb5 Rcd8 31. Nc7 Re5 32. g4 fxe4 33. fxe4 a6 34. Kf2 Rc8 35. Ne6 Rc2+ 36. Re2 Rxe2+ 37. Kxe2 Rxe4+ 38. Kf3 Re1 39. b4 0-1

[Event "Mallorca School Castell D'Alaro op"]
[Site "Mallorca"]
[Date "2016.03.30"]
[Round "2.2"]
[White "Abdelkadeer Garstka, Adam"]
[Black "Aguado, Pablo"]
[Result "0-1"]
[WhiteElo "1606"]
[BlackElo "1380"]
[PlyCount "92"]
[EventDate "2016.03.30"]
[EventType "swiss"]
[EventRounds "6"]
[EventCountry "ESP"]
[SourceTitle "EXT 2024"]
[Source "ChessBase"]
[SourceDate "2023.10.10"]
[SourceVersion "1"]
[SourceVersionDate "2023.10.10"]
[SourceQuality "1"]

1. d4 d5 2. Bf4 Nf6 3. Nf3 e6 4. e3 Be7 5. Bd3 0-0 6. 0-0 Nbd7 7. Nbd2 c5 8. c3 b6 9. Qc2 Bb7 10. Ne5 Rc8 11. Ndf3 h6 12. Rfe1 Nh5 13. Nxd7 Qxd7 14. Bg3 Nxg3 15. hxg3 Bd6 16. Ne5 Bxe5 17. dxe5 Qc7 18. f4 Rfd8 19. Rac1 Qe7 20. Qe2 Rc7 21. Rc2 c4 22. Rd1 cxd3 23. Qxd3 Rdc8 24. Rcd2 f6 25. exf6 Qxf6 26. Qc2 e5 27. Qb3 exf4 28. gxf4 Re7 29. Re1 Rce8 30. Rde2 Kh8 31. Qb5 Qc6 32. Qd3 Qc8 33. Qd2 Ba6 34. Rf2 Qc5 35. b4 Qc6 36. a3 Bc4 37. f5 Rf7 38. g4 Ref8 39. Rh2 Qc7 40. Qd4 Qg3+ 41. Kh1 Qxe1+ 42. Kg2 Kg8 43. Qf4 Qf1+ 44. Kg3 Qxf4+ 45. Kxf4 Re7 46. Rh3 Rfe8 0-1

[Event "Mallorca-chT Preferente"]
[Site "Mallorca"]
[Date "2016.03.17"]
[Round "8.5"]
[White "Abdelkadeer Garstka, Adam"]
[Black "Fuster Orfila, Xim"]
[Result "0-1"]
[WhiteElo "1606"]
[BlackElo "1970"]
[PlyCount "76"]
[EventDate "2016.03.01"]
[EventType "team-tourn"]
[EventRounds "9"]
[EventCountry "ESP"]
[SourceTitle "EXT 2024"]
[Source "ChessBase"]
[SourceDate "2023.10.10"]
[SourceVersion "1"]
[SourceVersionDate "2023.10.10"]
[SourceQuality "1"]
[WhiteTeam "La Balanguera"]
[BlackTeam "Sa Creu Petra"]
[WhiteTeamCountry "ESP"]
[BlackTeamCountry "ESP"]

1. d4 Nf6 2. Bf4 d5 3. Nf3 c5 4. e3 Nc6 5. Nbd2 Bg4 6. Be2 e6 7. c3 Qb6 8. Qc1 cxd4 9. Nxd4 e5 10. Nxc6 exf4 11. Nd4 Bxe2 12. Kxe2 fxe3 13. fxe3 Bd6 14. h3 0-0 15. Kf2 Rfe8 16. N2f3 Ne4+ 17. Kf1 Ng3+ 18. Kf2 Nxh1+ 19. Qxh1 Qxb2+ 20. Ne2 Bc5 21. Nfd4 Bxd4 22. cxd4 Qd2 23. Qc1 Qxc1 24. Rxc1 Rac8 25. Rb1 b6 26. a3 Rc2 27. Kf3 g5 28. Rb3 Kg7 29. Nc3 Rd8 30. g3 Kg6 31. g4 h5 32. e4 dxe4+ 33. Kxe4 Rd2 34. Nd5 Re8+ 35. Kf3 hxg4+ 36. hxg4 Rxd4 37. Nc3 Red8 38. Rb2 Rd3+ 0-1

[Event "Palma Mallorca-ch U16"]
[Site "Palma"]
[Date "2016.03.04"]
[Round "4.2"]
[White "Abdelkadeer Garstka, Adam"]
[Black "Jimenez Anders, Valentin"]
[Result "0-1"]
[WhiteElo "1606"]
[BlackElo "1806"]
[PlyCount "66"]
[EventDate "2016.02.05"]
[EventType "swiss"]
[EventRounds "6"]
[EventCountry "ESP"]
[SourceTitle "EXT 2024"]
[Source "ChessBase"]
[SourceDate "2023.10.10"]
[SourceVersion "1"]
[SourceVersionDate "2023.10.10"]
[SourceQuality "1"]

1. e4 e6 2. Nf3 d5 3. e5 c5 4. b4 Qc7 5. bxc5 Bxc5 6. Ba3 Ne7 7. c3 0-0 8. Bxc5 Qxc5 9. d4 Qc7 10. Bd3 Ng6 11. Qd2 Qe7 12. g4 Nh4 13. Nxh4 Qxh4 14. Qe2 f6 15. exf6 Rxf6 16. Nd2 Nc6 17. h3 Rf8 18. Nf3 Qf6 19. Ng1 Bd7 20. h4 e5 21. Kf1 e4 22. Bc2 Bxg4 23. Qe3 Rad8 24. Bb3 Be6 25. Ne2 Na5 26. Bc2 Nc4 27. Qg3 e3 28. Rh2 exf2 29. Rxf2 Qh6 30. Kg2 Ne3+ 31. Kh2 Ng4+ 32. Kg2 Rxf2+ 33. Kg1 Rxe2 0-1